000
00320nam a2200133Ia 4500
005
20251222144924.0
008
251222s9999||||xx |||||||||||||| ||spa||
020
_a
84-7080-964-4
082
_a
331.88/C76
100
_a
Comín, Alfonso Carlos
245
0
_a
¿Qué es el Sindicalismo?
264
_b
La Gaya
942
_c
LIB
999
_c
22813
_d
22813